STRESUJĄCE SYTUACJE: - Statystyki

Ogólne statystyki
  • Ten quiz został rozwiązany 34 razy
    24 od ostatniego zresetowania
  • Średni wynik to 2 z 7
Statystyki odpowiedzi
Odpowiedź % Poprawnych
EGZAMIN
71%
ROZMOWA O PRACĘ
65%
RANDKA
35%
ROZWÓD
24%
WESELE
24%
PRZEMOWA
6%
UTRATA PRACY
6%
Nie znaleziono quizów pasujących do podanych kryteriów
Rozkład punktacji
Procent ludzi z każdym wynikiem
Percentyl według liczby udzielonych odpowiedzi
Twoja historia wyników
Nie rozwiązałeś tego quizu od ostatniego zresetowania